000 01665naa a22003497i 4500
003 EG-GICUC
005 20260121101427.0
008 251203s1916 us ||||fr|||| ||1 | fre d
040 _aEG-GiCUC
_bfre
_cEG-GiCUC
_dEG-GiCUC
_eRda
041 _afre
082 0 4 _221
_a341.22
_bVA . D
092 0 4 _221
099 _aLaw1 11 341.22 VA . D 1916
100 1 _aVattel, Emer de,
_d1714-1767,
_eAuteur
245 1 3 _aLe droit des gens ou Principes de la loi naturelle appliqués à la conduite et aux affaires des nations et des souverains.
_nVolume Two,
_pReproduction of books III and IV of edition of 1758 /
_cpar M. de Vattel ; with an introduction by Albert de Lapradelle.
264 1 _aWashington :
_bCarnegie Institution of Washington,
_c1916.
300 _aVarious paging ;
_c24 cm.
336 _2rda contenu
_a texte
337 _2rda medias
_aOrdinateur
338 _2 transporteur rda
_a Ressource en ligne
490 0 _aThe classics of international law.
500 _aLe droit des gens. Bibliographie de ses différentes éditions": v. 1, p. lvi-lix
504 _aBibliographic references
505 _av.1. Reproduction of books I and II of edition of 1758 -- v.2. Reproduction of books III and IV of edition of 1758 -- v.3. Translation of the edition of 1758, by Charles G. Fenwick, with an introduction by Albert de Lapradelle
546 _aTexte en français
650 1 4 _aSociété des Nations
_xDroit international public
_2qrmak
651 1 _2qrmak
700 1 _aLapradelle, Albert Geouffre de
_d1871-1955
_eContributeur
856 4 0 _uhttps://fll.law.cu.edu.eg/fulltext/bks/B11-05269.pdf
905 _a75
_eHassnaa
942 _2ddc
_cBK
_e21
_n0
999 _c48201
_d48201